Isagoge sobre lo mexicano.

Guardat en:
Dades bibliogràfiques
Autor principal: Garizurieta, Cesar (autor)
Format: Llibre
Idioma:espanyol
Col·lecció:(México y lo mexicano ; no. 8)
Matèries:
Etiquetes: Afegir etiqueta
Sense etiquetes, Sigues el primer a etiquetar aquest registre!

MARC

LEADER 00000cam^a2200000uu^4500
001 000468310
005 20250521000000.0
008 050901s1952^^^^^^^^^^^^rd^r^^000^0^spa^d
009 20260310124506.907
035 |a FCE 000011046 
035 |a FCE 033174 
037 |a Acervo ITESO - Biblioteca 
041 |a spa 
082 0 4 |a 860.72  |b GARi 
100 |a Garizurieta, Cesar  |e (autor) 
245 1 0 |a Isagoge sobre lo mexicano. 
264 |a México :  |b Porrúa,  |c 1952. 
300 |a 93 p. 
336 |a texto  |b txt  |2 rdacontenido 
337 |a sin mediación  |b n  |2 rdamedio 
338 |a volumen  |b nc  |2 rdasoporte 
440 0 |a (México y lo mexicano ;  |v no. 8) 
611 4 |a Conferencia 
649 |a XX 
650 |a Discurso 
650 |a Literatura mexicana 
910 |a Fondo Centro de Estudios Educativos 
920 |a Impresos - Libros 
930 |a Fondos Especiales 
905 |a 133 
901 |a ALE033174  |b IT2  |c CEE  |u 20250521 
902 |a https://opac.biblio.iteso.mx/vufind/Record/000468310